00582 2200217 4500245008600000020002200086250001100108100001700119700002500136700001100161650001600172650001000188005001900198260005700217041001400274084001100288300002500299336000900324337001000333338002100343 aPendidikan Agama Islam dan Budi Pekerti untuk SMA/SMK Kelas XcAhmad TaufikhText a978-602-244-547-0 aCet. 1 aAhmad Taufik aNurwastuti Setyowati aSuwari aAgama Islam aEbook a20230616072506 aJakartabKementerian Pendidikan dan Kebudayaanc2021 aIndonesia a297.01 axvi, 328 hlm. :cPDF atext aother aother (computer)